Resum actuacions : gestió, inspecció i recaptació, per ajuntaments : exercici 2006 gestió, inspecció i recaptació, per ajuntaments :
Descripción Física:
[304] p. : taules ; 30 cm
MARC
| LEADER | 00000nam a2200000Ia 4500 | ||
|---|---|---|---|
| 001 | 20512 | ||
| 008 | 160829s2006 xx 000 0 cat d | ||
| 080 | |a M-6-50 | ||
| 245 | |a Resum actuacions : |b gestió, inspecció i recaptació, per ajuntaments : |b exercici 2006 | ||
| 260 | |a Barcelona : |b Diputació de Barcelona. Organisme de Gestió Tributària, |c 2006 | ||
| 300 | |a [304] p. : |b taules ; |c 30 cm | ||
| 650 | |a Impostos locals |x Recaptació |x Barcelona (Província) |9 46195 | ||
| 650 | 0 | |a Municipis |x Govern i administració |x Barcelona (Catalunya : Província) |9 42329 | |
| 710 | |a Barcelona (Catalunya : Província). |b Organisme de Gestió Tributària |9 53627 | ||
| 710 | 1 | |a Barcelona (Catalunya : Província). |b Diputació |9 52408 | |
| 901 | |a Arxiu | ||
| 942 | |n 1 | ||
| 952 | |0 0 |1 0 |4 0 |6 M650 |7 1 |9 53067 |a Arxiu |b Arxiu |d 2016-12-01 |l 0 |o M-6-50 |p 20512 |r 2016-12-01 00:00:00 |w 2016-12-01 |y ARXIU | ||
| 999 | |c 56916 |d 56916 | ||